Estudios Op. 9 N° 1
Guardat en:
| Autor principal: | |
|---|---|
| Format: | Partitura Llibre |
| Idioma: | espanyol |
| Publicat: |
Santiago
Casa Amarilla
1900
|
| Col·lecció: | Ediciones Selection
|
| Matèries: | |
| Etiquetes: |
Afegir etiqueta
Sense etiquetes, Sigues el primer a etiquetar aquest registre!
|
MARC
| LEADER | 00000ncm a2200000 a 4500 | ||
|---|---|---|---|
| 001 | UCN7164 | ||
| 003 | CL-VaPUC | ||
| 005 | 20250325095626.0 | ||
| 008 | 011012e19000000CL |||||||||||||||||spa|d | ||
| 999 | |c 297641 |d 297639 | ||
| 040 | |c Pontificia Universidad Católica de Valparaíso | ||
| 082 | 0 | 4 | |a Pn786.2193 SCH 1900 |2 21 |
| 100 | 0 | |a Schmitt, Hans |e author |9 463065 | |
| 245 | 1 | 0 | |a Estudios Op. 9 N° 1 |
| 260 | |a Santiago |b Casa Amarilla |c 1900 | ||
| 300 | |a 19 p | ||
| 490 | 0 | |a Ediciones Selection | |
| 583 | |a last modification |c 20011012 00:00:00 |k Rodrigo Vera | ||
| 650 | 0 | |a Piano |x Técnicas de ejecución |9 328975 | |
| 650 | 0 | |a Piano |x Estudio e instrucción |9 325053 | |
| 650 | 0 | |a Piano, ejercicios y estudio |9 328974 | |
| 942 | |c BK |2 ddc | ||
| 945 | |d 20011012 00:00:00 |a lriquelm | ||